000 00645nam a2200205 a 4500
005 20251204064006.0
008 991125s1977 mx 000 0 spa u
035 _aUPN01000043645
049 _aCG
050 4 _aD24
_bL6.6
100 1 _aLópez Rodríguez, Elvira
245 1 3 _aEl parámetro cronológico /
_cElvira López Rodríguez.
260 _aMéxico :
_bANUIES,
_c1977.
300 _a2 v.
440 0 _aTemas básicos. Area historia universal moderna y contemporánea
650 4 _aCIENCIAS SOCIALES -
_xHISTORIA
_910450
650 4 _aCronología histórica
_911749
650 4 _aHistoria
_xEstudio y enseñanza
_96447
905 _aLibro
999 _c43645
_d43645